00536nam a2200193 a 4500001001300000003000900013005001700022008004100039020001000080082001400090100002000104245006700124260005300191300000800244500003500252505001500287650002000302700002000322nice12345678IN_TiNIC20260116015112.0050524s1982 kena grp 000 0 eng  ac10000a251bCOL1 aColeman, Robert aLife in the Living Wordb Bible Lessons for Growing Christians aKentucky, UsabAsbury Theological Seminaryc1982 a58p aincludes index and biblioraphy2 aConclusion aBible-Preaching1 aColeman, Robert